Rhetorical texture and narrative trajectories of the Lukan Galilean ministry speeches (Record no. 127208)
[ view plain ]
| 000 -LEADER | |
|---|---|
| fixed length control field | 01543nam a2200361 a 4500 |
| 082 04 - DEWEY DECIMAL CLASSIFICATION NUMBER | |
| Classification number | 226.4/06 |
| 100 1# - MAIN ENTRY--AUTHOR NAME | |
| Personal name | Spencer, Patrick E. |
| 245 10 - TITLE STATEMENT | |
| Title | Rhetorical texture and narrative trajectories of the Lukan Galilean ministry speeches |
| 260 ## - PUBLICATION, DISTRIBUTION, ETC. (IMPRINT) | |
| Place of publication | London ; |
| -- | New York : |
| Name of publisher | T & T Clark, |
| Year of publication | c2007. |
| 300 ## - PHYSICAL DESCRIPTION | |
| Number of Pages | xiv, 248 p. : |
| Other physical details | ill. |
| 490 1# - SERIES STATEMENT | |
| Series statement | Library of New Testament studies ; |
| Series statement | T & T Clark library of biblical studies |
| 650 #0 - SUBJECT ADDED ENTRY--TOPICAL TERM | |
| Topical Term | Rhetoric in the Bible. |
| 856 40 - ELECTRONIC LOCATION AND ACCESS | |
| Uniform Resource Identifier | http://site.ebrary.com/lib/rucke/Doc?id=10490042 |
No items available.
